=LDR 00000nam 2200000 4500 =001 INLIS000000000005611 =005 20200225030219 =035 ##$$a 0010-061300000005611 =008 200225################g##########0#ind## =041 ##$$a Ind =082 ##$$a 133.9 =090 ##$$a 133.9, Bua b =245 ##$$a Buah pikiran dari P.R. Sarkar /$c Editor : Avadhutika Ananda Mitra Acarya =260 ##$$a Jakarta :$b Persatuan Ananda Marga Indonesia,$c 1991 =300 ##$$a viii, 146 hlm ; $c 19 x 13 cm =650 #4$$a Telepati =084 ##$$a 133.9 BUA b =250 ##$$a Cet. 1 =990 ##$$a 53.712/pb-93 =990 ##$$a 53. 713/Pb- 93 =990 ##$$a DW00023884 =990 ##$$a 00087453 =990 ##$$a DW00023884 =990 ##$$a 53.712/pb-93 =990 ##$$a 53. 713/Pb- 93 =990 ##$$a 00087453